000
00249nam a2200097Ia 4500
001
683255
005
20250826161434.0
008
250824s9999 xx 000 0 und d
245
0
_a
CİHAN PAYİTAHTI İSTANBUL
_c
ÖNDER KAYA
260
_b
TİMAŞ YAYINLARI
999
_c
683255
_d
683255